| 000 | 00000nam##2200000za#4500 |
| 001 | 9.609842 |
| 003 | CaOODSP |
| 005 | 20220111083348 |
| 007 | ta |
| 008 | 150406|1992||||xxc||||| f|0| 0 eng|d |
| 020 | |a0-662-19712-7 |
| 022 | |a1713-0638 |
| 040 | |aCaOODSP|beng |
| 043 | |an-cn--- |
| 086 | 1 |aNE22-1/1992-5E |
| 110 | 1 |aCanada. |bNational Energy Board. |
| 245 | 10|aAlberta Natural Gas Company Ltd. : |bapplication dated 31 May 1992, as amended, for 1993 facilities expansion |
| 260 | |aCalgary - Alberta : |bNational Energy Board |cMay, 1992. |
| 300 | |a47, 8p. : |bfigs., map, references, tables ; |c28 cm. |
| 490 | 1 |aReasons for decision|x1713-0638 |
| 563 | |aSoftcover |
| 690 | 07|aPetroleum industry|2gcpds |
| 775 | 08|tAlberta Natural Gas Company Ltd. : |w(CaOODSP)9.621608 |
| 776 | 0#|tReasons for decision in the matter of Alberta Natural Gas Company Ltd. : |w(CaOODSP)9.572368 |
| 830 | #0|aReasons for decision (Canada. National Energy Board)|x1713-0638|w(CaOODSP)9.514808 |
| 986 | |aGHW-2-91 |